Catálogo Biblioteca Central

Economía de la producción turística (Registro nro. 4371)

Detalles MARC
000 -CABECERA
campo de control de longitud fija 00732naa a2200205 i 4500
001 - NÚMERO DE CONTROL
campo de control 4371
003 - IDENTIFICADOR DEL NÚMERO DE CONTROL
campo de control ES-MaBCM
005 - FECHA Y HORA DE LA ÚLTIMA TRANSACCIÓN
campo de control 20241016090843.0
008 - CÓDIGOS DE INFORMACIÓN DE LONGITUD FIJA
campo de control de longitud fija 881219s1988 esp 000 0 spa d
021 ## -
-- xx
035 ## - NÚMERO DE CONTROL DEL SISTEMA
Número de control de sistema (OCoLC)1293717530
040 ## - FUENTE DE LA CATALOGACIÓN
Centro transcriptor ES-MaBCM
041 0# - CÓDIGO DE LENGUA
Código de lengua del texto/banda sonora o título independiente spa
043 ## - CÓDIGO DE ÁREA GEOGRÁFICA
Código de área geográfica esp
100 1# - PUNTO DE ACCESO PRINCIPAL - NOMBRE DE PERSONA
Nombre de persona Muñoz Escalona, Francisco
9 (RLIN) 32925
245 10 - MENCIÓN DE TÍTULO
Título Economía de la producción turística
Resto del título : hacia un enfoque alternativo
Mención de responsabilidad etc. Francisco Muñoz Escalona
520 ## - SUMARIO, ETC.
Sumario etc. Actividad turística. El turismo como consumo y producción multisectorial y unisectorial. Hacia una nueva economía del turismo.
773 0# - ENLACE AL DOCUMENTO FUENTE
Encabezamiento principal En:
Título Información comercial española
Lugar editor y fecha de publicación Madrid : 1988
Parte(s) relacionada(s) nº 663, noviembre ; p. 117-131
Número de control del registro relacionado 104445
942 ## - ELEMENTOS DE PUNTO DE ACCESO ADICIONAL (KOHA)
Tipo de ítem Koha Artículos de revistas
Existencias
Estado de retiro Estado de pérdida Estado dañado No para préstamo Localización permanente Ubicación/localización actual Fecha de adquisición Total de préstamos Precio válido a partir de Tipo de ítem Koha
        Biblioteca Central del Ministerio de la Presidencia Biblioteca Central del Ministerio de la Presidencia 21/04/2012   21/04/2012 Artículos de revistas